| 000 | 00810nam a2200265Ia 4500 | ||
|---|---|---|---|
| 003 | data | ||
| 005 | 20260322212018.0 | ||
| 008 | data | ||
| 010 | _z92005878 | ||
| 020 | _a0553560727 : | ||
| 020 | _a9780553560725 : | ||
| 040 |
_aMLN _cMLN _dRGC |
||
| 050 | 0 | 0 |
_aRC516 _b.D85 1993 |
| 092 | _a616.89 D85 1992 | ||
| 100 | 1 |
_aDuke, Patty, _d1946- |
|
| 245 | 1 | 2 |
_aA brilliant madness : _bliving with manic-depressive illness / _cPatty Duke & Gloria Hochman. |
| 250 | _aBantam paperback ed. | ||
| 260 |
_aNew York : _bBantam Books, _c1993, c1992. |
||
| 300 |
_axxviii, 338 p. ; _c18 cm. |
||
| 504 | _aIncludes bibliographical references (p. 310-328) and index. | ||
| 600 | 1 | 0 |
_aDuke, Patty, _d1946- _xMental health. |
| 650 | 0 |
_aManic-depressive psychoses _xPopular works. |
|
| 700 | 1 | _aHochman, Gloria. | |
| 001 | data | ||
| 999 |
_c389 _d389 |
||